| 000 | 01630nam a2200301 i 4500 | ||
|---|---|---|---|
| 003 | EG-GICUC | ||
| 005 | 20260121101551.0 | ||
| 008 | 251229s19721971ua d|||fr|||| 00| 0 ara d | ||
| 040 |
_a EG-GICUC _bara _c EG-GICUC _d EG-GICUC _erda |
||
| 041 | 0 | _aara | |
| 082 | 0 | 4 |
_221 _a345.4502 _bم ح . م |
| 092 | 0 | 4 | _221 |
| 099 | _aLaw1 07 345.4502 م ح . م 1972 | ||
| 100 | 0 |
_aمحمود منصور _eمؤلف. |
|
| 245 | 1 | 2 |
_aالموسوعة الجديدة للعاملين بالقطاع العام والحكومة أهم التشريعات التي تتضمنها. _bالجزء الأول / _cمحمود منصور. |
| 264 |
_aالقاهرة : _bدار النهضة العربية، _c1972. |
||
| 300 |
_a462 صفحة : _bجداول ؛ _c24 سم. |
||
| 336 |
_2rda content _atext |
||
| 337 |
_2rda media _aComputer |
||
| 338 |
_2rda carrier _aOnline Resource |
||
| 500 | _a التأمينات الاجتماعية المعدل بالقانون رقم (٢) لسنة ١٩٧١ - المعاشات المدينة المعدل بالقانون رقم ١٣ لسنة ١٩٧١ - المؤسسات العامة رقم ٦٠ لسنة ١٩٧١ ولاحتها - نظام العاملين بالقطاع العام رقم 11 لسنة ١٩٧١ والعاملين بالدولة رقم ٥٨ لسنة ١٩٧١ - لائحة بدل السفر والانتقال - تشغيل الأجانب | ||
| 546 | _aالنص باللغة العربية | ||
| 650 | 1 | 4 | _aتأديب رجال الشرطة |
| 650 | 1 | 4 | _aالقانون الإدارى |
| 856 | 4 | 0 | _uhttps://fll.law.cu.edu.eg/fulltext/bks/B07-01647.pdf |
| 905 | _a77 | ||
| 942 |
_2ddc _cBK _e21 _n0 |
||
| 999 |
_c53214 _d53214 |
||